| Tag |
First Indicator |
Second Indicator |
Subfields |
| LEADER |
00000cam a22000007i 4500 |
| 001 |
in00005771920 |
| 005 |
20260327174532.8 |
| 006 |
m o d |
| 007 |
cr cnu---unuuu |
| 008 |
230511s2023 enk o 000 0 eng d |
| 040 |
|
|
|a YDX
|b eng
|e rda
|c YDX
|d OPELS
|d UKAHL
|d OCLCF
|d N$T
|d YDX
|d OCLCO
|d OCLCL
|
| 020 |
|
|
|a 9780323910651
|q electronic book
|
| 020 |
|
|
|a 0323910653
|q electronic book
|
| 020 |
|
|
|z 9780323900577
|
| 020 |
|
|
|z 0323900577
|
| 035 |
|
|
|a (OCoLC)1378703916
|
| 050 |
|
4 |
|a SB210.S63
|b V37 2023
|
| 082 |
0 |
4 |
|a 633.68098
|2 23/eng/20230522
|
| 049 |
|
|
|a TXAM
|
| 245 |
0 |
0 |
|a Varieties and landraces :
|b cultural practices and traditional uses /
|c edited by Marney Pascoli Cereda, Maria Teresa Pedrosa Silva Clerici, Olivier Francois Vilpoux.
|
| 264 |
|
1 |
|a London, United Kingdom ;
|a San Diego, CA:
|b Academic Press,
|c 2023.
|
| 300 |
|
|
|a 1 online resource
|
| 336 |
|
|
|a text
|b txt
|2 rdacontent
|
| 337 |
|
|
|a computer
|b c
|2 rdamedia
|
| 338 |
|
|
|a online resource
|b cr
|2 rdacarrier
|
| 490 |
0 |
|
|a Underground starchy crops of South American origin ;
|v v. 2
|
| 650 |
|
0 |
|a Tuber crops
|z South America.
|
| 650 |
|
6 |
|a Cultures de tubercules
|z Amérique du Sud.
|
| 650 |
|
7 |
|a Tuber crops
|2 fast
|
| 651 |
|
7 |
|a South America
|2 fast
|1 https://id.oclc.org/worldcat/entity/E39PBJkXBJV9Hk6cKTTG6C3fbd
|
| 655 |
|
7 |
|a Electronic books.
|2 local
|
| 700 |
1 |
|
|a Cereda, Marney Pascoli.
|
| 710 |
2 |
|
|a ScienceDirect (Online service)
|
| 776 |
0 |
8 |
|i Print version:
|z 0323900577
|z 9780323900577
|w (OCoLC)1336987534
|
| 856 |
4 |
0 |
|u http://proxy.library.tamu.edu/login?url=https://www.sciencedirect.com/science/book/9780323900577
|z Connect to the full text of this electronic book
|t 0
|
| 955 |
|
|
|a Elsevier ScienceDirect 2026-2027
|
| 994 |
|
|
|a 92
|b TXA
|
| 999 |
f |
f |
|i 35e8ed62-9946-44fe-b66a-9976ef77b65c
|s cb292712-2150-426d-b8e1-07a1e1e9dfe1
|t 0
|
| 952 |
f |
f |
|a Texas A&M University
|b College Station
|c Electronic Resources
|s www_evans
|d Available Online
|t 0
|e SB210.S63 V37 2023
|h Library of Congress classification
|
| 998 |
f |
f |
|a SB210.S63 V37 2023
|t 0
|l Available Online
|